000 00213nam a2200097Ia 4500
008 220204s9999 xx 000 0 und d
082 _a82-3
_bNAN
100 _aNandankar
245 0 _aSigh for the dawn
942 _cBK
999 _c29100
_d29100